000 00788nam a2200229Ia 4500
001 4242
003 GE_BSU
008 181216s||||||||xx |||||||||||||| ||und||
040 _cGE_BSU
080 _a621.565(075.8)
100 _aЛебедев,П.Д.
245 _aТеплообменные, сушильные и холодильные установки.(Тепломасообменные и холодильные установки).
245 _bУчебник.
245 _cРед. В.А.Ефимов.
250 _aИзд. 2-е, перераб.
260 _aМ.
260 _bЭнергия.
260 _c1972.
300 _a320 стр. 26 см.
653 _aТеплообменные, сушильные и холодильные установки.
942 _cBK
999 _c38252
_d38252